Managerial Accounting (Record no. 12700)

MARC details
000 -LEADER
fixed length control field 01252nam a2200325 a 4500
001 - CONTROL NUMBER
control field 3091565
003 - CONTROL NUMBER IDENTIFIER
control field MUT
005 - DATE AND TIME OF LATEST TRANSACTION
control field 20240606081232.0
008 - FIXED-LENGTH DATA ELEMENTS--GENERAL INFORMATION
fixed length control field 990111s1999 maua b 001 0 eng
010 ## - LIBRARY OF CONGRESS CONTROL NUMBER
LC control number 98072067
020 ## - INTERNATIONAL STANDARD BOOK NUMBER
International Standard Book Number 017640709x
040 ## - CATALOGING SOURCE
Original cataloging agency DLC
Transcribing agency MUT
050 00 - LIBRARY OF CONGRESS CALL NUMBER
Classification number HF 5657
Item number .M34 2007
082 00 - DEWEY DECIMAL CLASSIFICATION NUMBER
Classification number 658
Edition information 21
100 ## - MAIN ENTRY--PERSONAL NAME
Personal name Mallouk,Brenda M.
245 00 - TITLE STATEMENT
Title Managerial Accounting
246 3# - VARYING FORM OF TITLE
Title proper/short title Managerial accounting
250 ## - EDITION STATEMENT
Edition statement 2nd Canadian ed.
260 ## - PUBLICATION, DISTRIBUTION, ETC.
Place of publication, distribution, etc. Toronto,Ontario :
Name of publisher, distributor, etc. Thomson,Nelson.,
Date of publication, distribution, etc. c2007.
300 ## - PHYSICAL DESCRIPTION
Extent xlvii, 1296 p. :
Other physical details col. ill. ;
Dimensions 29 cm.
500 ## - GENERAL NOTE
General note Rev. ed. of 2 separately published works: Financial & managerial accounting : a sole proprietorship approach / Belverd E. Needles, Jr. ... [et al.]. 4th ed. c1996. and Financial & managerial accounting : a corporate approach / Belverd E. Needles, Jr. ... [et al.]. 4th ed. c1996.
504 ## - BIBLIOGRAPHY, ETC. NOTE
Bibliography, etc. note Includes bibliographical references and indexes.
650 #0 - SUBJECT ADDED ENTRY--TOPICAL TERM
Topical term or geographic name entry element Accounting.
650 #0 - SUBJECT ADDED ENTRY--TOPICAL TERM
Topical term or geographic name entry element Managerial accounting.
650 #0 - SUBJECT ADDED ENTRY--TOPICAL TERM
Topical term or geographic name entry element Sole proprietorship
General subdivision Accounting.
700 1# - ADDED ENTRY--PERSONAL NAME
Personal name Spraakman, Gary...etal
906 ## - LOCAL DATA ELEMENT F, LDF (RLIN)
a 7
b cbc
c orignew
d 2
e opcn
f 19
g y-gencatlg
942 ## - ADDED ENTRY ELEMENTS (KOHA)
Source of classification or shelving scheme Library of Congress Classification
Koha item type Books
Holdings
Withdrawn status Lost status Source of classification or shelving scheme Damaged status Not for loan Home library Current library Shelving location Date acquired Source of acquisition Total checkouts Full call number Barcode Date last seen Price effective from Koha item type
    Library of Congress Classification     Murang'a University of Technology Library Murang'a University of Technology Library General stacks 04/10/2017 Donation-TFC   HF 5657 .M34 2007 013618 30/08/2024 04/10/2017 Books
    Library of Congress Classification     Murang'a University of Technology Library Murang'a University of Technology Library General stacks 31/10/2017 Donation-TFC   HF5657 .M34 2007 016154 30/08/2024 31/10/2017 Books
    Library of Congress Classification     Murang'a University of Technology Library Murang'a University of Technology Library General stacks 08/06/2018 Donation-TFC   HF 5657 .M34 2007 021879 30/08/2024 08/06/2018 Books
    Library of Congress Classification     Murang'a University of Technology Library Murang'a University of Technology Library General stacks 14/06/2018 Donation-TFC   HF 5657 .M34 2007 021607 30/08/2024 14/06/2018 Books
    Library of Congress Classification     Murang'a University of Technology Library Murang'a University of Technology Library General stacks 22/11/2018 Donation-TFC   HF 5657 .M34 2007 024040 22/11/2018 22/11/2018 Books
    Library of Congress Classification     Murang'a University of Technology Library Murang'a University of Technology Library General stacks 18/01/2019 Donation -TFC   HF 5657 .M34 2007 024208 18/01/2019 18/01/2019 Books